| 000 | 00819nam a2200265 a 4500 | ||
|---|---|---|---|
| 999 |
_c2410 _d2410 |
||
| 001 | 10804 | ||
| 003 | BD-DhUAP | ||
| 005 | 20210130093717.0 | ||
| 008 | 200224s2008 it a b 000 0 eng d | ||
| 020 | _a0192803646 | ||
| 040 |
_aBD-DhUAP _bEng _cBD-DhUAP _dBD-DhUAP |
||
| 082 | 0 | 4 |
_a709.04 COT _223 |
| 100 | _aCottington, David. | ||
| 245 |
_aModern art : _ba very short introduction / _cDavid Cottington. |
||
| 260 |
_aOxford : _bOxford University Press, _cc2005. |
||
| 300 |
_a152 pages : _billustrations ; _c17 cm. |
||
| 490 |
_aVery short introductions ; _v120. |
||
| 504 | _aIncludes bibliographical references. | ||
| 526 | _aARC | ||
| 650 | _aArt, Modern -- 20th century | ||
| 650 | _aArt, Modern -- 19th century. | ||
| 942 |
_2ddc _cBK |
||